000 00923nam a2200253Ia 4500
001 18514
003 GE_BSU
008 181216s||||||||xx |||||||||||||| ||und||
020 _a9789994017959
040 _cGE_BSU
080 _a16(075.8)
100 _aხელაძე,შადიმან
245 _aლოგიკა ყველასათვის
245 _bსახელმძღვანელო ანალიტიკური აზროვნების განსავითარებლად
245 _cრედ. მერაბ გვარაძე, თეიმურაზ ლაცაბიძე
260 _aთბილისი
260 _bჯისიაი
260 _c2011
300 _a220გვ.23სმ.
300 _eბიბლ.გვ.220
541 _h12ლ.30თ.
653 _aლოგიკა ყველასათვის
942 _cBK
999 _c51525
_d51525